Kuelekea kwenye usawa : taswira ya wanawake Tanzania
On equality and the image of women in Tanzania.
محفوظ في:
| المؤلف الرئيسي: | |
|---|---|
| مؤلفون آخرون: | , |
| التنسيق: | كتاب |
| اللغة: | السواحلية |
| منشور في: |
Dar es Salaam :
Mtandao wa Jinsia Tanzania ;
c2001.
|
| الموضوعات: | |
| الوسوم: |
إضافة وسم
لا توجد وسوم, كن أول من يضع وسما على هذه التسجيلة!
|
MARC
| LEADER | 00000cam a2200000 a 4500 | ||
|---|---|---|---|
| 020 | |a 9987600166 |c TZS 2,000/= | ||
| 040 | |a MUL |b eng |e AACR | ||
| 041 | 1 | |a swa | |
| 082 | |a 305.3 MTA | ||
| 100 | 1 | |a Mukangara, Fenella. | |
| 245 | 1 | 0 | |a Kuelekea kwenye usawa : |b taswira ya wanawake Tanzania |c / Fenella Mukangara and Bertha Koda, translated by Demere Kitunga |
| 260 | |a Dar es Salaam : |b Mtandao wa Jinsia Tanzania ; |c c2001. | ||
| 300 | |a iv, 116 p. : |b ill. (some col.), col. maps ; |c 26 cm. | ||
| 500 | |a "Waandishi na waratibu/watafiti, Fenella Mukangara na Bertha Koda; mfasiri, Demere Kitunga"--P. iii. | ||
| 500 | |a Translated from English to Swahili. | ||
| 504 | |a Includes bibliographical references (p. 109-114). | ||
| 520 | |a On equality and the image of women in Tanzania. | ||
| 546 | |a In Swahili. | ||
| 650 | 0 | |a Women's rights |z Tanzania. | |
| 650 | 0 | |a Women |z Tanzania | |
| 700 | 1 | |a Koda, Bertha. | |
| 700 | 1 | |a Kitunga, Demere. | |
| 942 | |c BK | ||
| 999 | |c 7554 |d 7554 | ||